Southville International School and Colleges
Your cart is empty.
  • Cart
  • Lists
    Public lists Eva Luna New books Lux_list list_1
    Your lists Log in to create your own lists
  • Log in to your account
  • Your cookies
  • Search history
Southville International School and Colleges
  • Advanced search
  • Recent comments
  • Most popular
  • Libraries

Log in to your account

Log in with GOOGLE


If you do not have an external account, but do have a local account, you can still log in:

  1. Home
  2. MARC view: Walt Disney's Animals and their babies.
Normal view MARC view ISBD view

Walt Disney's Animals and their babies. (Record no. 109987)

[ view plain ]
MARC details
000 -LEADER
fixed length control field 00506nam a2200181 a 4500
001 - CONTROL NUMBER
control field 3870
005 - DATE AND TIME OF LATEST TRANSACTION
control field 20140414131847.0
008 - FIXED-LENGTH DATA ELEMENTS--GENERAL INFORMATION
fixed length control field 040601s19uu xx 00 eng d
020 ## - INTERNATIONAL STANDARD BOOK NUMBER
International Standard Book Number 0-553-05506-2
050 ## - LIBRARY OF CONGRESS CALL NUMBER
Classification number ER
Item number W17 v.5
245 ## - TITLE STATEMENT
Title Walt Disney's Animals and their babies.
260 ## - PUBLICATION, DISTRIBUTION, ETC. (IMPRINT)
Place of publication, distribution, etc Toronto :
Name of publisher, distributor, etc A Bantam Book,
Date of publication, distribution, etc 1983.
300 ## - PHYSICAL DESCRIPTION
Extent 1 v. (unp.) : ill. ; cm.
440 ## - SERIES STATEMENT/ADDED ENTRY--TITLE
Title Fun-To-Read Library Series
650 ## - SUBJECT ADDED ENTRY--TOPICAL TERM
Topical term or geographic name as entry element Animals
General subdivision Juvenile literature.
650 ## - SUBJECT ADDED ENTRY--TOPICAL TERM
Topical term or geographic name as entry element Children stories.
Holdings
Withdrawn status Lost status Damaged status Use restrictions Home library Current library Shelving location Date acquired Source of acquisition Total Checkouts Full call number Barcode Date last seen Price effective from Koha item type
        Munich Library Munich Library Easy Reading Section 06/01/2004     ER W17 v.5 M0199 04/14/2014 04/14/2014 Books

Walt Disney's Animals and their babies.

APA

(1983). Walt Disney's Animals and their babies. Toronto: A Bantam Book.

Chicago

1983. Walt Disney's Animals and their babies. Toronto: A Bantam Book.

Harvard

(1983). Walt Disney's Animals and their babies. Toronto: A Bantam Book.

MLA

Walt Disney's Animals and their babies. Toronto: A Bantam Book. 1983.

  • Place hold
  • Print
  • Cite
  • Add to your cart (remove)
  • Save record
    BIBTEX Dublin Core MARCXML MARC (non-Unicode/MARC-8) MARC (Unicode/UTF-8) MARC (Unicode/UTF-8, Standard) MODS (XML) RIS
  • More searches
    Search for this title in:
    Other Libraries (WorldCat) Other Databases (Google Scholar) Online Stores (Bookfinder.com) Open Library (openlibrary.org)

Exporting to Dublin Core...

SOUTHVILLE LIBRARY

Southville International School and Colleges Library

1281 Tropical Ave. Cor. Luxembourg St., BF Homes International, Las Pinas City

Tel. No. 8256374 / 252358 Loc. 117/146

Powered by Koha